[Event "Karlsruhe Grenke op"]
[Site "Karlsruhe"]
[Date "2024.03.29"]
[Round "3"]
[White "Froewis, Georg"]
[Black "Unzicker, Ferdinand"]
[Result "1-0"]
[WhiteElo "2450"]
[BlackElo "2284"]
[PlyCount "65"]
[EventDate "2024.03.28"]
[EventType "swiss"]
[EventRounds "9"]
[EventCountry "GER"]
[SourceTitle "CB14_2024"]
[SourceDate "2024.04.01"]
[SourceVersion "1"]
[SourceVersionDate "2024.04.01"]
[SourceQuality "1"]

1. c4 e6 2. Nc3 d5 3. e3 g6 4. Nf3 Bg7 5. d4 Ne7 6. Be2 0-0 7. 0-0 b6 8. Qc2 Bb7 9. Rd1 Nd7 10. e4 dxe4 11. Nxe4 Nf6 12. Nxf6+ Bxf6 13. b3 Bg7 14. Bb2 c6 15. Rd2 Qc7 16. Rad1 Rad8 17. Bd3 Nf5 18. Bxf5 gxf5 19. Rd3 Qe7 20. Qe2 Bf6 21. Ne5 Kh8 22. d5 cxd5 23. cxd5 Rg8 24. Nc6 Bxc6 25. dxc6 Rxd3 26. Bxf6+ Qxf6 27. Qxd3 Qg7 28. g3 Qe5 29. Rc1 Rc8 30. c7 Qd5 31. Qa6 Qa8 32. a4 Kg7 33. b4 1-0

[Event "AUT-chT 2122"]
[Site "Austria"]
[Date "2022.03.26"]
[Round "7.3"]
[White "Froewis, Georg"]
[Black "Schreiner, Peter"]
[Result "1-0"]
[WhiteElo "2434"]
[BlackElo "2424"]
[PlyCount "51"]
[EventDate "2021.11.04"]
[EventType "team-tourn"]
[EventRounds "11"]
[EventCountry "AUT"]
[SourceTitle "EXT 2023"]
[Source "ChessBase"]
[SourceDate "2022.10.05"]
[SourceVersion "1"]
[SourceVersionDate "2022.10.05"]
[SourceQuality "1"]
[WhiteTeam "Wien Ottakring"]
[BlackTeam "Raika Feffernitz"]
[WhiteTeamCountry "AUT"]
[BlackTeamCountry "AUT"]

1. Nf3 Nf6 2. c4 c5 3. Nc3 d5 4. cxd5 Nxd5 5. e3 Nc6 6. Bc4 Nxc3 7. bxc3 e6 8. 0-0 Be7 9. d4 0-0 10. e4 b6 11. Be3 Bb7 12. Qe2 cxd4 13. cxd4 Na5 14. Bd3 Rc8 15. Rad1 Qc7 16. Ng5 Bxg5 17. Bxg5 f5 18. d5 exd5 19. exf5 Nc4 20. Rfe1 h6 21. Be7 Rce8 22. Qe6+ Rf7 23. f6 gxf6 24. Bh7+ Kg7 25. Bxf6+ Rxf6 26. Qxe8 1-0

[Event "AUT-chT2O 2122"]
[Site "Austria"]
[Date "2022.03.13"]
[Round "9.4"]
[White "Morgunov, Marc"]
[Black "Froewis, Georg"]
[Result "0-1"]
[WhiteElo "2372"]
[BlackElo "2442"]
[PlyCount "70"]
[EventDate "2021.10.16"]
[EventType "team-tourn"]
[EventRounds "11"]
[EventCountry "AUT"]
[SourceTitle "EXT 2023"]
[Source "ChessBase"]
[SourceDate "2022.10.05"]
[SourceVersion "1"]
[SourceVersionDate "2022.10.05"]
[SourceQuality "1"]
[WhiteTeam "Tschaturanga"]
[BlackTeam "Ottakring"]
[WhiteTeamCountry "AUT"]
[BlackTeamCountry "AUT"]

1. e4 e6 2. d4 d5 3. Nd2 Be7 4. Ngf3 Nf6 5. e5 Nfd7 6. Bd3 c5 7. c3 Nc6 8. 0-0 g5 9. b3 cxd4 10. cxd4 Nf8 11. Bb2 Bd7 12. Rc1 Nb4 13. Bb1 Bb5 14. Nc4 dxc4 15. bxc4 Bd7 16. d5 Ng6 17. Nd2 exd5 18. e6 Bxe6 19. Bxg6 hxg6 20. Bxh8 dxc4 21. Rb1 Qd7 22. Ne4 0-0-0 23. Qxd7+ Rxd7 24. Bf6 Nxa2 25. Bxe7 Rxe7 26. Rfe1 c3 27. Re2 Bc4 28. Nd6+ Kd8 29. Rxe7 Kxe7 30. Nxc4 c2 31. Re1+ Kf8 32. Na5 c1Q 33. Rxc1 Nxc1 34. Nxb7 Nb3 35. Kf1 Ke7 0-1

[Event "Vienna GM Feb"]
[Site "Vienna"]
[Date "2022.02.17"]
[Round "1"]
[White "Froewis, Georg"]
[Black "Dragnev, Valentin"]
[Result "0-1"]
[WhiteElo "2449"]
[BlackElo "2533"]
[PlyCount "98"]
[EventDate "2022.02.17"]
[EventType "tourn"]
[EventRounds "9"]
[EventCountry "AUT"]
[EventCategory "9"]
[SourceTitle "CBM 207 Extra"]
[Source "ChessBase"]
[SourceDate "2022.05.31"]
[SourceVersion "1"]
[SourceVersionDate "2022.05.31"]
[SourceQuality "1"]

1. d4 Nf6 2. Nf3 d5 3. e3 c5 4. Nbd2 cxd4 5. exd4 Nc6 6. c3 Bf5 7. Nh4 Bg4 8. f3 Bd7 9. f4 Qc7 10. g3 g6 11. Bd3 Bh3 12. Ndf3 e6 13. Qe2 Be7 14. Ne5 0-0 15. Nhf3 Rae8 16. Ng5 Bf5 17. h3 Nd7 18. Ngf3 f6 19. Nxd7 Qxd7 20. Be3 Bd6 21. g4 Bxd3 22. Qxd3 Qc7 23. Qd2 Na5 24. b3 Re7 25. 0-0 Rc8 26. Rac1 Qd8 27. f5 exf5 28. gxf5 Qd7 29. c4 dxc4 30. Qxa5 Rxe3 31. bxc4 Qc6 32. d5 Qe8 33. c5 b6 34. Qd2 Bxc5 35. Kh1 Qe4 36. Qg2 Qxf5 37. Rcd1 Rd8 38. Ng1 Qe5 39. Rf3 Rxf3 40. Nxf3 Qe4 41. Qg4 f5 42. Qxe4 fxe4 43. Ng5 e3 44. Ne6 e2 45. Re1 Rxd5 46. Rxe2 Kf7 47. Kg2 Kf6 48. Nf4 Re5 49. Rc2 Kf5 0-1

[Event "AUT-chT2O 2122"]
[Site "Austria"]
[Date "2022.01.15"]
[Round "3.1"]
[White "Froewis, Georg"]
[Black "Wukits, Rene"]
[Result "1-0"]
[WhiteElo "2442"]
[BlackElo "2324"]
[PlyCount "57"]
[EventDate "2021.10.16"]
[EventType "team-tourn"]
[EventRounds "11"]
[EventCountry "AUT"]
[SourceTitle "EXT 2023"]
[Source "ChessBase"]
[SourceDate "2022.10.05"]
[SourceVersion "1"]
[SourceVersionDate "2022.10.05"]
[SourceQuality "1"]
[WhiteTeam "Ottakring"]
[BlackTeam "Mattersburg"]
[WhiteTeamCountry "AUT"]
[BlackTeamCountry "AUT"]

1. Nf3 c5 2. e3 Nf6 3. d4 e6 4. c4 d5 5. cxd5 exd5 6. Nc3 Nc6 7. Be2 a6 8. 0-0 Bd6 9. dxc5 Bxc5 10. b3 0-0 11. Bb2 Be6 12. Rc1 Ba7 13. Na4 Qd6 14. Ng5 Rac8 15. Bxf6 Bb8 16. Nf3 gxf6 17. g3 Ba7 18. Qd2 Rfd8 19. Rfd1 Qf8 20. Nb2 d4 21. e4 f5 22. Bd3 fxe4 23. Bxe4 Bg4 24. Qf4 Qg7 25. Bxh7+ Kxh7 26. Ng5+ Kg8 27. Qxg4 Rc7 28. Nd3 Re7 29. Re1 1-0

[Event "AUT-chT 2122"]
[Site "Austria"]
[Date "2021.11.07"]
[Round "4.5"]
[White "Rogic, Davor"]
[Black "Froewis, Georg"]
[Result "1/2-1/2"]
[WhiteElo "2457"]
[BlackElo "2434"]
[PlyCount "92"]
[EventDate "2021.11.04"]
[EventType "team-tourn"]
[EventRounds "11"]
[EventCountry "AUT"]
[SourceTitle "CBM 205 Extra"]
[Source "ChessBase"]
[SourceDate "2022.01.31"]
[SourceVersion "1"]
[SourceVersionDate "2022.01.31"]
[SourceQuality "1"]
[WhiteTeam "St Veit"]
[BlackTeam "Wien Ottakring"]
[WhiteTeamCountry "AUT"]
[BlackTeamCountry "AUT"]

1. e4 e6 2. d4 d5 3. Nd2 Be7 4. Ngf3 Nf6 5. e5 Nfd7 6. Bd3 c5 7. c3 Nc6 8. 0-0 g5 9. dxc5 Ndxe5 10. Nxe5 Nxe5 11. Nb3 Nxd3 12. Qxd3 f6 13. f4 gxf4 14. Bxf4 e5 15. Bg3 Be6 16. Rae1 Qc7 17. Nd4 Bd7 18. b4 0-0-0 19. Qf3 Rhg8 20. Qxd5 h5 21. Ne6 Bxe6 22. Qxe6+ Qd7 23. Qxd7+ Rxd7 24. Rd1 Rg4 25. Rxd7 Kxd7 26. Rd1+ Ke6 27. Be1 f5 28. Kf2 e4 29. g3 h4 30. Bd2 b6 31. cxb6 axb6 32. Bf4 b5 33. a4 hxg3+ 34. hxg3 bxa4 35. Ra1 Bh4 36. Bb8 Rg8 37. gxh4 Rxb8 38. Rxa4 f4 39. b5 Kf5 40. Rb4 Rg8 41. b6 e3+ 42. Kf1 f3 43. b7 Rd8 44. Rb1 Rb8 45. Rb4 Rd8 46. Rb1 Rb8 1/2-1/2

[Event "Vienna State-ch"]
[Site "Vienna"]
[Date "2021.09.26"]
[Round "9"]
[White "Froewis, Georg"]
[Black "Mica, Marek"]
[Result "1/2-1/2"]
[WhiteElo "2453"]
[BlackElo "2304"]
[PlyCount "96"]
[EventDate "2021.09.18"]
[EventType "tourn"]
[EventRounds "9"]
[EventCountry "AUT"]
[EventCategory "6"]
[SourceTitle "CBM 204 Extra"]
[Source "ChessBase"]
[SourceDate "2021.11.30"]
[SourceVersion "1"]
[SourceVersionDate "2021.11.30"]
[SourceQuality "1"]

1. e4 e6 2. d4 d5 3. Nd2 c5 4. Ngf3 cxd4 5. exd5 Qxd5 6. Bc4 Qd6 7. Qe2 Nf6 8. Nb3 Nc6 9. Bg5 Be7 10. 0-0-0 e5 11. Bb5 Bg4 12. Qxe5 Qxe5 13. Nxe5 Bxd1 14. Rxd1 Nd7 15. Bxe7 Ndxe5 16. Bc5 0-0-0 17. Nxd4 Rd5 18. Nb3 Rhd8 19. Rxd5 Rxd5 20. Be2 f5 21. f4 Nd7 22. Be3 Rd6 23. c3 b6 24. Nd4 Nxd4 25. Bxd4 g6 26. h3 Re6 27. Kd2 Nc5 28. b4 Ne4+ 29. Kd3 b5 30. Bd1 Kb7 31. Bb3 Rd6 32. Ke3 a6 33. g4 Kc6 34. Bc2 Kd5 35. Bb3+ Kc6 36. a4 Rd8 37. Bc2 Kd5 38. axb5 axb5 39. Bd3 Nd6 40. Kf3 Ra8 41. Be5 Ra3 42. gxf5 gxf5 43. Kg3 Ne4+ 44. Kh4 Ra6 45. Kh5 Ng3+ 46. Kh4 Ne4 47. Kh5 Ng3+ 48. Kh4 Ne4 1/2-1/2

[Event "Vienna State-ch"]
[Site "Vienna"]
[Date "2021.09.21"]
[Round "4"]
[White "Schlosser, Philipp"]
[Black "Froewis, Georg"]
[Result "1-0"]
[WhiteElo "2507"]
[BlackElo "2453"]
[PlyCount "93"]
[EventDate "2021.09.18"]
[EventType "tourn"]
[EventRounds "9"]
[EventCountry "AUT"]
[EventCategory "6"]
[SourceTitle "CBM 204 Extra"]
[Source "ChessBase"]
[SourceDate "2021.11.30"]
[SourceVersion "1"]
[SourceVersionDate "2021.11.30"]
[SourceQuality "1"]

1. c4 e6 2. g3 d5 3. Bg2 Nf6 4. Nf3 dxc4 5. Qa4+ c6 6. Qxc4 b5 7. Qb3 Bb7 8. 0-0 Nbd7 9. d4 Be7 10. Nc3 0-0 11. Bg5 a6 12. Rad1 Qc7 13. e4 c5 14. e5 Nd5 15. Nxd5 Bxd5 16. Qc2 Bxf3 17. Bxe7 Bxg2 18. Kxg2 Rfc8 19. Bxc5 Qb7+ 20. Kg1 a5 21. Rc1 Nb6 22. Qb3 Nd5 23. Bd6 h6 24. a4 b4 25. Rc5 Rxc5 26. dxc5 Qd7 27. Ra1 Ra6 28. Qc4 Qc8 29. Qb5 Qa8 30. Rc1 Rc6 31. h4 Kh8 32. h5 Kg8 33. Rc4 f5 34. exf6 Nxf6 35. g4 Nd5 36. Re4 Qc8 37. Qe2 Kf7 38. Re5 Nf6 39. Re3 Qd7 40. Kg2 Rc8 41. b3 Rc6 42. Rg3 Nd5 43. Rf3+ Nf6 44. Qe4 Ke8 45. Qe5 Kf7 46. g5 hxg5 47. Qxg5 1-0

[Event "Baden-Baden Swiss 1st"]
[Site "Baden-Baden"]
[Date "2021.09.11"]
[Round "4"]
[White "Braun, Georg"]
[Black "Froewis, Georg"]
[Result "1/2-1/2"]
[WhiteElo "2402"]
[BlackElo "2453"]
[PlyCount "65"]
[EventDate "2021.09.09"]
[EventType "swiss"]
[EventRounds "9"]
[EventCountry "GER"]
[SourceTitle "CBM 204 Extra"]
[Source "ChessBase"]
[SourceDate "2021.11.30"]
[SourceVersion "1"]
[SourceVersionDate "2021.11.30"]
[SourceQuality "1"]

1. e4 c6 2. Nf3 d5 3. d3 g6 4. e5 Bg7 5. d4 Bg4 6. Nbd2 e6 7. c3 Nd7 8. h3 Bxf3 9. Nxf3 Ne7 10. Bd3 c5 11. 0-0 0-0 12. Be3 Nc6 13. Re1 cxd4 14. cxd4 Rc8 15. Rc1 Qb6 16. Qd2 Qb4 17. Rc3 Nb6 18. a3 Qe7 19. Bg5 f6 20. exf6 Bxf6 21. Bxf6 Qxf6 22. Bb5 Nd8 23. Rce3 a6 24. Bf1 Nd7 25. h4 Rc6 26. g3 Qf5 27. Bd3 Qf6 28. Bb1 Nf7 29. Nh2 Nh6 30. Rf3 Qg7 31. Rfe3 Qf6 32. Rf3 Qg7 33. Rfe3 1/2-1/2

[Event "Baden-Baden Swiss 1st"]
[Site "Baden-Baden"]
[Date "2021.09.09"]
[Round "1"]
[White "Froewis, Georg"]
[Black "Laux, Dominik"]
[Result "1-0"]
[WhiteElo "2453"]
[BlackElo "2162"]
[PlyCount "113"]
[EventDate "2021.09.09"]
[EventType "swiss"]
[EventRounds "9"]
[EventCountry "GER"]
[SourceTitle "CBM 204 Extra"]
[Source "ChessBase"]
[SourceDate "2021.11.30"]
[SourceVersion "1"]
[SourceVersionDate "2021.11.30"]
[SourceQuality "1"]

1. d4 Nf6 2. c4 e6 3. Nf3 b6 4. g3 Bb7 5. Bg2 Bb4+ 6. Bd2 Be7 7. 0-0 c5 8. Nc3 cxd4 9. Nxd4 Bxg2 10. Kxg2 Qc8 11. b3 0-0 12. e4 Nc6 13. Nxc6 Qxc6 14. Qf3 Rfd8 15. Rad1 a6 16. e5 Ng4 17. Qxc6 dxc6 18. Bf4 Bc5 19. h3 Nxf2 20. Rxf2 Bxf2 21. Kxf2 Rxd1 22. Nxd1 c5 23. Nc3 Kf8 24. Be3 Rb8 25. Na4 Ke8 26. a3 a5 27. Nc3 Ke7 28. Bf4 Kd7 29. Ke2 Rf8 30. h4 Kc6 31. a4 h6 32. Ne4 Kd7 33. Be3 Rb8 34. g4 Ke7 35. h5 Rh8 36. Bf2 Kd7 37. Bh4 Rg8 38. Kf3 Rf8 39. Nf6+ Kc6 40. Ne4 Kd7 41. Kf4 Rh8 42. g5 hxg5+ 43. Kxg5 Rg8 44. Kf4 Rh8 45. Kg5 Rg8 46. Kg4 Kc6 47. Nd6 f6 48. Bg3 Kd7 49. Nb5 Ke7 50. Bh4 Kf8 51. Nd6 Ke7 52. h6 gxh6+ 53. Kh5 Kd7 54. Ne4 Rg1 55. exf6 Ke8 56. Kxh6 Rg4 57. Bg5 1-0

[Event "Online Olym Div2 B"]
[Site "Chess.com INT"]
[Date "2021.09.04"]
[Round "8.4"]
[White "Froewis, Georg"]
[Black "Iordachescu, Viorel"]
[Result "1/2-1/2"]
[WhiteElo "2453"]
[BlackElo "2587"]
[PlyCount "108"]
[EventDate "2021.09.02"]
[EventType "team (rapid)"]
[EventRounds "9"]
[EventCountry "USA"]
[SourceTitle "CBM 204 Extra"]
[Source "ChessBase"]
[SourceDate "2021.11.30"]
[SourceVersion "1"]
[SourceVersionDate "2021.11.30"]
[SourceQuality "1"]
[WhiteTeam "Austria"]
[BlackTeam "Moldova"]
[WhiteTeamCountry "AUT"]
[BlackTeamCountry "MDA"]

1. e4 g6 2. d4 Bg7 3. Nf3 d6 4. Be2 Nf6 5. Nc3 0-0 6. 0-0 c6 7. a4 Nbd7 8. h3 Qc7 9. Be3 b6 10. Qd2 Bb7 11. Rad1 Rad8 12. Rfe1 Rfe8 13. Bf4 e5 14. dxe5 dxe5 15. Bg5 Nc5 16. Qc1 Rxd1 17. Bxd1 Ne6 18. Be3 c5 19. Bh6 Nd4 20. Bxg7 Kxg7 21. Nd2 a6 22. Ncb1 b5 23. c3 Ne6 24. Na3 Bc6 25. axb5 axb5 26. Be2 Qb7 27. f3 Rd8 28. Nf1 Nh5 29. Ne3 Nhf4 30. Bf1 h5 31. g3 Nd3 32. Bxd3 Rxd3 33. Rd1 Qd7 34. Nac2 h4 35. Rxd3 Qxd3 36. Qd1 Qxd1+ 37. Nxd1 hxg3 38. Kg2 f5 39. exf5 gxf5 40. Kxg3 Kf6 41. Nf2 c4 42. h4 f4+ 43. Kg4 Nc5 44. Nb4 Bb7 45. h5 Na4 46. Nd1 Ba8 47. h6 Nc5 48. h7 Kg7 49. Nf2 Na4 50. Kf5 Nxb2 51. Kxe5 Na4 52. Kd4 Bxf3 53. Nh3 Bb7 54. Nxf4 Kxh7 1/2-1/2

[Event "Berlin-Wien Hybrid"]
[Site "Tornelo INT"]
[Date "2021.03.27"]
[Round "1.1"]
[White "Rosenthal, Dirk"]
[Black "Froewis, Georg"]
[Result "1/2-1/2"]
[WhiteElo "2390"]
[BlackElo "2460"]
[PlyCount "109"]
[EventDate "2021.03.27"]
[EventType "team-match"]
[EventRounds "1"]
[EventCountry "AUT"]
[SourceTitle "CBM 202 Extra"]
[Source "ChessBase"]
[SourceDate "2021.07.31"]
[SourceVersion "1"]
[SourceVersionDate "2021.07.31"]
[SourceQuality "1"]
[WhiteTeam "Berlin"]
[BlackTeam "Wien"]
[WhiteTeamCountry "GER"]
[BlackTeamCountry "AUT"]

1. e4 d5 2. exd5 Qxd5 3. Nc3 Qd6 4. d4 Nf6 5. Nf3 Nc6 6. Bc4 Bg4 7. Be3 e6 8. h3 Bh5 9. g4 Bg6 10. Qe2 0-0-0 11. 0-0-0 Nd5 12. Nb5 Qb4 13. Bd2 Qa4 14. Bb3 Qa6 15. Nh4 Na5 16. Bxa5 Qxa5 17. Nxg6 hxg6 18. c4 Nf6 19. d5 exd5 20. g5 a6 21. gxf6 axb5 22. Rxd5 Rxd5 23. cxd5 Kb8 24. Qe8+ Ka7 25. d6 cxd6 26. Kb1 gxf6 27. Bd5 Qc7 28. f4 Bg7 29. Qxb5 f5 30. Qb3 Qb6 31. Qxb6+ Kxb6 32. Bxf7 Rh6 33. h4 Bf6 34. h5 gxh5 35. Rxh5 Rxh5 36. Bxh5 Bh4 37. Bg6 Bg3 38. Bxf5 Bxf4 39. Kc2 Ka7 40. Kd3 b6 41. b3 Bh2 42. a4 Kb7 43. Kc4 Bg3 44. Kd5 Kc7 45. b4 Be1 46. Kc4 d5+ 47. Kxd5 Bxb4 48. Kc4 Ba5 49. Kb5 Kd6 50. Be4 Ke5 51. Bh1 Kd4 52. Bg2 Ke5 53. Bh1 Kd4 54. Bg2 Ke5 55. Bh1 1/2-1/2

[Event "AUT-chT 2021"]
[Site "Austria"]
[Date "2021.03.13"]
[Round "6.3"]
[White "Froewis, Georg"]
[Black "Korpa, Bence"]
[Result "1-0"]
[WhiteElo "2456"]
[BlackElo "2542"]
[PlyCount "101"]
[EventDate "2021.01.22"]
[EventType "team-tourn"]
[EventRounds "7"]
[EventCountry "AUT"]
[SourceTitle "EXT 2022"]
[Source "ChessBase"]
[SourceDate "2021.10.06"]
[SourceVersion "1"]
[SourceVersionDate "2021.10.06"]
[SourceQuality "1"]
[WhiteTeam "Wien Ottakring"]
[BlackTeam "Fuerstenfeld/Hartberg"]
[WhiteTeamCountry "AUT"]
[BlackTeamCountry "AUT"]

1. Nf3 Nf6 2. c4 c5 3. b3 e6 4. Bb2 Be7 5. e3 b6 6. Be2 Bb7 7. 0-0 0-0 8. d4 d6 9. Nc3 a6 10. Qd2 Nbd7 11. Rfd1 Ne4 12. Nxe4 Bxe4 13. Ne1 Qc7 14. Bf3 Bxf3 15. Nxf3 Nf6 16. Qd3 Rfd8 17. Rac1 Qb7 18. Qc2 Rac8 19. d5 e5 20. Nd2 b5 21. a4 Rb8 22. Bc3 Qd7 23. h3 Nh5 24. g4 Nf6 25. Kh2 h5 26. gxh5 Nxh5 27. Rg1 g6 28. f4 Kh7 29. fxe5 dxe5 30. Rcf1 f5 31. e4 Rf8 32. exf5 Rxf5 33. Rxf5 gxf5 34. Nf3 e4 35. Qg2 Qd6+ 36. Kh1 exf3 37. Qxf3 Kh6 38. Bd2+ f4 39. Re1 Rg8 40. Re6+ Rg6 41. Rxd6 Bxd6 42. cxb5 axb5 43. a5 Rg3 44. Qe4 Rg5 45. Qe6+ Rg6 46. a6 Bb8 47. Bxf4+ Nxf4 48. Qc8 Rb6 49. d6 Rxd6 50. Qxb8 Rd1+ 51. Kh2 1-0

[Event "AUT-chT 2021"]
[Site "Austria"]
[Date "2021.01.23"]
[Round "3.2"]
[White "Brkic, Ante"]
[Black "Froewis, Georg"]
[Result "1-0"]
[WhiteElo "2597"]
[BlackElo "2456"]
[PlyCount "59"]
[EventDate "2021.01.22"]
[EventType "team-tourn"]
[EventRounds "7"]
[EventCountry "AUT"]
[SourceTitle "CBM 200 Extra"]
[Source "ChessBase"]
[SourceDate "2021.03.31"]
[SourceVersion "1"]
[SourceVersionDate "2021.03.31"]
[SourceQuality "1"]
[WhiteTeam "St Veit"]
[BlackTeam "Wien Ottakring"]
[WhiteTeamCountry "AUT"]
[BlackTeamCountry "AUT"]

1. e4 e6 2. d4 d5 3. Nc3 Bb4 4. e5 Ne7 5. a3 Bxc3+ 6. bxc3 c5 7. h4 Qc7 8. h5 h6 9. Rb1 b6 10. Qg4 Rg8 11. Bb5+ Kf8 12. Bd3 Ba6 13. dxc5 Bxd3 14. cxd3 Qxe5+ 15. Ne2 Nd7 16. cxb6 axb6 17. Rh3 Qd6 18. Kf1 Qc6 19. Nd4 Qxc3 20. Bb2 Qc8 21. Rf3 Nc5 22. Re1 e5 23. Qh4 Nc6 24. Nxc6 Qxc6 25. Rxe5 f6 26. Re2 Nd7 27. Qb4+ Qc5 28. Qg4 Re8 29. Rxe8+ Kxe8 30. Qe6+ 1-0

[Event "AUT-ch Zwisch Internet"]
[Site "Playchess.com INT"]
[Date "2020.05.02"]
[Round "2"]
[White "Froewis, Georg"]
[Black "Neubauer, Martin"]
[Result "0-1"]
[WhiteElo "2457"]
[BlackElo "2421"]
[PlyCount "76"]
[EventDate "2020.05.02"]
[EventType "swiss (blitz)"]
[EventRounds "13"]
[EventCountry "AUT"]
[SourceTitle "CBM 195 Extra"]
[Source "ChessBase"]
[SourceDate "2020.05.31"]
[SourceVersion "1"]
[SourceVersionDate "2020.05.31"]
[SourceQuality "1"]

1. Nf3 d5 2. g3 Nf6 3. Bg2 e6 4. d3 Be7 5. Nbd2 c5 6. 0-0 Nc6 7. e4 b6 8. Re1 Bb7 9. c3 Qc7 10. a3 0-0 11. e5 Nd7 12. Qe2 Rfc8 13. Nf1 b5 14. Bf4 a5 15. Ne3 Qd8 16. h4 b4 17. c4 d4 18. Ng4 bxa3 19. bxa3 a4 20. Nd2 Rab8 21. Ne4 Na5 22. h5 Bxe4 23. Bxe4 Bg5 24. Kg2 h6 25. Qc2 Rb3 26. Bd2 Rcb8 27. f4 Rb2 28. Qd1 Nb3 29. Re2 Bxf4 30. Bxf4 Nxa1 31. Rxb2 Rxb2+ 32. Kh3 Nb3 33. Qf3 Nd2 34. Bxd2 Rxd2 35. Qf4 Qg5 36. Qxg5 hxg5 37. Bc6 Nb6 38. Bxa4 Nxa4 0-1